Napisz alfabet w 15 sekund - Statystyki

Ogólne statystyki
  • Ten quiz został rozwiązany 121 razy
  • Średni wynik to 17 z 31
Statystyki odpowiedzi
Hint Odpowiedź % Poprawnych
1 a
98%
6 d
82%
7 e
78%
8 ę
78%
3 b
72%
4 c
72%
5 ć
72%
9 f
68%
12 i
66%
10 g
64%
11 h
64%
13 j
64%
14 k
62%
15 l
56%
16 ł
56%
24 s
56%
25 ś
56%
20 o
50%
21 ó
50%
17 m
46%
18 n
46%
19 ń
46%
22 p
46%
23 r
46%
27 u
40%
26 t
38%
28 w
36%
29 y
26%
30 z
24%
31 ź
24%
32 ż
24%
Nie znaleziono quizów pasujących do podanych kryteriów
Rozkład punktacji
Procent ludzi z każdym wynikiem
Percentyl według liczby udzielonych odpowiedzi
Twoja historia wyników
Nie rozwiązałeś tego quizu